Logo CIB grande

PRODUCCION DE OLEAGINOSAS Y TEXTILES (Registro nro. 215208)

Detalles MARC
000 -LEADER
campo de control de longitud fija 00556nam a2200229Ia 4500
005 - FECHA Y HORA DE LA ÚLTIMA TRANSACCIÓN
campo de control 20250425161737.0
008 - DATOS DE LONGITUD FIJA--INFORMACIÓN GENERAL
campo de control de longitud fija 250425s9999 xx 000 0 und d
020 ## - NÚMERO INTERNACIONAL ESTÁNDAR DEL LIBRO
Número Internacional Estándar del Libro 9681840054
041 ## - CÓDIGO DE IDIOMA
Código de lengua del texto/banda sonora o título independiente spa
082 ## - NÚMERO DE LA CLASIFICACIÓN DECIMAL DEWEY
Número de clasificación 633.5
010 ## - NÚMERO DE CONTROL DE LA BIBLIOTECA DEL CONGRESO
Número de control de LC 27113
100 ## - ENTRADA PRINCIPAL--NOMBRE DE PERSONA
Nombre de persona ROBLES SANCHEZ, RAUL
245 #0 - MENCIÓN DEL TÍTULO
Título PRODUCCION DE OLEAGINOSAS Y TEXTILES
250 ## - MENCION DE EDICION
Mención de edición 3A ED.
260 ## - PUBLICACIÓN, DISTRIBUCIÓN, ETC.
Lugar de publicación, distribución, etc. MEXICO
260 ## - PUBLICACIÓN, DISTRIBUCIÓN, ETC.
Lugar de publicación, distribución, etc. México
Nombre del editor, distribuidor, etc. LIMUSA
Fecha de publicación, distribución, etc. 1991
300 ## - DESCRIPCIÓN FÍSICA
Extensión 684
650 ## - PUNTO DE ACCESO ADICIONAL DE MATERIA--TÉRMINO DE MATERIA
Término de materia o nombre geográfico como elemento de entrada ALGODON
650 ## - PUNTO DE ACCESO ADICIONAL DE MATERIA--TÉRMINO DE MATERIA
Término de materia o nombre geográfico como elemento de entrada PRODUCCION AGRICOLA
650 ## - PUNTO DE ACCESO ADICIONAL DE MATERIA--TÉRMINO DE MATERIA
Término de materia o nombre geográfico como elemento de entrada PRODUCCION DE OLEAGINOSAS Y TEXTILES
942 ## - ELEMENTOS DE ENTRADA SECUNDARIOS (KOHA)
Tipo de ítem Koha Libros
Existencias
Estatus retirado Estado de pérdida Estado de daño No para préstamo Biblioteca de origen Biblioteca actual Ubicación en estantería Fecha de adquisición Coste, precio normal de compra Total de préstamos Código de barras Copia número Tipo de ítem Koha
        CENTRO DE INFORMACIÓN BIBLIOTECARIA CENTRO DE INFORMACIÓN BIBLIOTECARIA   10/04/2003 14.00   34131 1 Libros
        CENTRO DE INFORMACIÓN BIBLIOTECARIA CENTRO DE INFORMACIÓN BIBLIOTECARIA   08/06/2000 18.00   34858 2 Libros

Copyright 2025 ESPOL. Todos los derechos reservados.